Zufällige Städte nach ehemaligem Namen - Statistiken

Allgemein
  • Dieses Quiz wurde 121 mal gespielt
  • Das Durchschnittsergebnis liegt bei 9 aus 20
Antwortstatistiken
Alter Name Aktueller Name % Korrekt
Leningrad Sankt Petersburg
100%
Karl-Marx-Stadt Chemnitz
92%
Konstantinopel Istanbul
89%
Bombay Mumbai
88%
Neu-Amsterdam New York City
88%
Lutetia Paris
86%
Colonia Köln
79%
Londinium London
73%
Königsberg Kaliningrad
70%
Saigon Ho-Chi-Minh-Stadt
69%
Preßburg Bratislava
68%
Vindobona Wien
64%
Stalingrad Wolgograd
64%
Edo Tokio
63%
Tenochtitlan Mexiko-Stadt
56%
Astana Nur-Sultan
55%
Christiania Oslo
53%
Laibach Ljubljana
50%
Stadt des KdF-Wagens bei Fallersleben Wolfsburg
50%
Dakka Dhaka
47%
Brunei-Stadt Bandar Seri Begawan
41%
Léopoldville Kinshasa
40%
Reval Tallinn
38%
Batavia Jakarta
36%
Ancyra Ankara
33%
Agram Zagreb
33%
Kalkutta Kolkata
31%
Marburg an der Drau Maribor
31%
Alma-Ata Almaty
30%
Madras Chennai
29%
Lemberg Lwiw
28%
Hermannstadt Sibiu
26%
Mediolanum Mailand
25%
Fiume Rijeka
24%
Turicum Zürich
24%
Klausenburg Cluj-Napoca
21%
Alma-Ata Almaty
20%
Smyrna Izmir
20%
Ödenburg Sopron
18%
Rangun Yangon
15%
Kanton Guangzhou
13%
Alexandretta İskenderun
11%
Titograd Podgorica
10%
Philadelphia Amman
6%
Tomoi Constanța
4%
Elisabethville Lubumbashi
4%
Godthåb Nuuk
0%
Fünfkirchen Pécs
0%
Argentoratum Straßburg
0%
Keine übereinstimmenden Quizze gefunden
Verteilung der Resultate
Anzahl Personen mit jedem Resultat
Perzentil nach korrekt beantworteten Fragen
Ihre Resultats-Entwicklung
Sie haben dieses Quiz noch nicht gespielt